000 00868nas a2200265 i 4500
001 2852
003 ES-MaACL
005 20250326205039.0
007 t|
008 010702d19952010sp q| | 0 ||pa d
022 _a1135-9692
080 _a929
245 0 0 _aRevista internacional de protocolo
_b: ceremonial, etiqueta, heráldica, nobiliaria y vexilología.
260 _aOviedo :
_bInstituto de Estudios de Protocolo,
_c1995-2010.
300 _a2 v. ;
_c32 cm.
310 _aTrimestral
362 0 _aN. 1 (sept. 1995)-n. 55 (abr.-mayo-jun. 2010)
650 1 7 _aHeráldica
_2embne
_9235652
655 7 _2tgfbne
_9226866
_aRevistas
710 2 _aInstituto de Estudios de Protocolo.
_94898
852 _aES-MaACL
_jHEM-1996
_cHEM
866 0 _o1995-2001(n 1-18).
_zLos números 15-18 en formato CD-ROM
942 _2udc
999 _c2852
_d2852